| 000 | 01244nam a22003257a 4500 | ||
|---|---|---|---|
| 001 | BR8501239 | ||
| 003 | BR-BrBNA | ||
| 005 | 20230928092108.0 | ||
| 007 | ta | ||
| 008 | 230509b bl.||||| |||| 00| 0 por d | ||
| 040 |
_aBR-BrBNA _bpor _cBiblioteca Nacional de Agricultura |
||
| 041 | _a(Por) | ||
| 072 |
_aH20 _b1830 _b4120 |
||
| 090 | _ 1830 BR8501239 | ||
| 100 | 1 | _aMelo, I.S. de | |
| 110 | 1 |
_aEscola Superior de Agricultura Luiz de Queiroz, Piracicaba, SP (Brasil) _0Tese (Doutor em Agronomia) |
|
| 245 | 1 | _aReacao da beringela (Solanum melongena L.)a Verticillium albo-atrum Reinke e Berth. sob os aspectos de heranca, patogenicidade, controle fitohormonal e biologico [fungo] | |
| 246 | 1 | _aResponse of the eggplant (Solanum melongena L.)to Verticillium alboatrum Reinke and Berth. as regards heredity, pathogenicity and phytohormonal and biological control [fungus] | |
| 260 | 3 |
_aPiracicaba, SP (Brasil): _c1984. |
|
| 300 | _a142 p. | ||
| 500 | _a25 tables; 6 graphs; Bibliography p. 118-133 (128 ref.) | ||
| 650 | _aBERINJELA | ||
| 650 | _aMURCHA DE VERTICILLIUM | ||
| 650 | _aFUNGO | ||
| 650 | _aHERANCA | ||
| 650 | _aGENE | ||
| 650 | _aVARIEDADE RESISTENTE | ||
| 909 |
_a202309 _bLucia _c55 _dLucia Elande |
||
| 942 | _cBK | ||
| 999 |
_c37109 _d37109 |
||